[Event "IBCA EU-chT blind 03rd"]
[Site "Genova"]
[Date "2023.04.22"]
[Round "3.2"]
[White "Culjak, Miso"]
[Black "Vrioni, Bersan"]
[Result "1/2-1/2"]
[WhiteElo "1705"]
[BlackElo "1910"]
[PlyCount "74"]
[EventDate "2023.04.20"]
[EventType "team-swiss"]
[EventRounds "9"]
[EventCountry "ITA"]
[SourceTitle "CBM 213 Extra"]
[Source "ChessBase"]
[SourceDate "2023.05.31"]
[SourceVersion "1"]
[SourceVersionDate "2023.05.31"]
[SourceQuality "1"]
[WhiteTeam "Croatia"]
[BlackTeam "Italy"]
[WhiteTeamCountry "CRO"]
[BlackTeamCountry "ITA"]

1. e4 d6 2. d4 Nf6 3. Nc3 e5 4. dxe5 dxe5 5. Qxd8+ Kxd8 6. Bc4 Be6 7. Bxe6 fxe6 8. Bg5 Nbd7 9. f3 c6 10. Nge2 Kc7 11. 0-0-0 b5 12. Be3 a5 13. a4 b4 14. Nb1 Bc5 15. Bxc5 Nxc5 16. b3 Ncd7 17. Nd2 Nb6 18. h3 c5 19. c4 Rad8 20. f4 exf4 21. Nxf4 Rhe8 22. e5 g5 23. Ne2 Nfd7 24. Ne4 Nxe5 25. Rxd8 Rxd8 26. Rd1 Rxd1+ 27. Kxd1 Nf7 28. Nxc5 e5 29. Ne4 Nc8 30. Kd2 Ncd6 31. N2g3 Kc6 32. Ke3 Nb7 33. Nf5 Nbd8 34. g3 Ne6 35. Ne7+ Kd7 36. Nf5 Kc6 37. Ne7+ Kd7 1/2-1/2

[Event "IBCA EU-chT blind 03rd"]
[Site "Genova"]
[Date "2023.04.21"]
[Round "2.2"]
[White "Vrioni, Bersan"]
[Black "Kostadinovski, Zoran"]
[Result "1/2-1/2"]
[WhiteElo "1910"]
[BlackElo "1907"]
[PlyCount "63"]
[EventDate "2023.04.20"]
[EventType "team-swiss"]
[EventRounds "9"]
[EventCountry "ITA"]
[SourceTitle "CBM 213 Extra"]
[Source "ChessBase"]
[SourceDate "2023.05.31"]
[SourceVersion "1"]
[SourceVersionDate "2023.05.31"]
[SourceQuality "1"]
[WhiteTeam "Italy"]
[BlackTeam "Macedonia"]
[WhiteTeamCountry "ITA"]
[BlackTeamCountry "MKD"]

1. e4 c5 2. Nc3 e6 3. f4 d5 4. Nf3 dxe4 5. Bb5+ Bd7 6. Bxd7+ Qxd7 7. Nxe4 Nc6 8. d3 Nh6 9. 0-0 Be7 10. Be3 b6 11. Kh1 Nf5 12. Bf2 0-0 13. g4 Nh6 14. g5 Nf5 15. Nh4 Rfd8 16. Nxf5 exf5 17. Nc3 Nd4 18. Bxd4 cxd4 19. Ne2 Qd5+ 20. Kg1 Rac8 21. Ng3 Rc6 22. Rf2 g6 23. Re2 Bd6 24. Qf1 Rdc8 25. Qf2 R6c7 26. h4 Kg7 27. h5 b5 28. Rae1 Rf8 29. Re8 Rc8 30. Rxc8 Rxc8 31. b3 Kg8 32. Re2 1/2-1/2

[Event "IBCA Wch blind 14th"]
[Site "Cagliari"]
[Date "2019.04.07"]
[Round "2"]
[White "Ymeri, Rinor"]
[Black "Vrioni, Bersan"]
[Result "0-1"]
[WhiteElo "1680"]
[BlackElo "1924"]
[PlyCount "148"]
[EventDate "2019.04.06"]
[EventType "swiss"]
[EventRounds "9"]
[EventCountry "ITA"]
[SourceTitle "CBM 189 Extra"]
[Source "ChessBase"]
[SourceDate "2019.06.03"]
[SourceVersion "1"]
[SourceVersionDate "2019.06.03"]
[SourceQuality "1"]

1. e4 e6 2. Nf3 d5 3. exd5 exd5 4. d4 Bd6 5. Nc3 Ne7 6. Bg5 f6 7. Be3 0-0 8. Bd3 Re8 9. 0-0 c6 10. Re1 Bf5 11. Nh4 Bxd3 12. Qxd3 Na6 13. a3 Qd7 14. Ne2 Qg4 15. Nf3 Ng6 16. Ng3 Qd7 17. Qf5 Qf7 18. Qd3 Nc7 19. Nf5 Bf8 20. Bd2 Qd7 21. c4 dxc4 22. Qxc4+ Qd5 23. Qxd5+ Nxd5 24. g3 Kf7 25. Ne3 Nge7 26. Nc2 Nf5 27. Ne3 Ndxe3 28. fxe3 Nd6 29. Bb4 g6 30. Bxd6 Bxd6 31. e4 Rad8 32. b4 Bc7 33. Rad1 Rd7 34. e5 fxe5 35. dxe5 Rde7 36. Ng5+ Kg7 37. e6 h6 38. Nf3 Kf6 39. Rf1 Bb6+ 40. Kg2 Kg7 41. Rd7 Rxd7 42. exd7 Re7 43. Rd1 Bd8 44. Nd4 Kf6 45. Nb3 b6 46. Rd6+ Re6 47. Rd2 Ke7 48. Nd4 Rd6 49. Re2+ Kxd7 50. Nf3 Re6 51. Rd2+ Kc7 52. h4 Bf6 53. g4 c5 54. g5 hxg5 55. hxg5 Be7 56. Rc2 Kd6 57. bxc5+ bxc5 58. Kg3 Re3 59. Ra2 Bxg5 60. Kf2 Bf4 61. a4 Re4 62. a5 a6 63. Rb2 Rb4 64. Rxb4 cxb4 65. Ke2 Kd5 66. Ne1 Kc4 67. Kd1 Bc7 68. Kc2 Bxa5 69. Kb1 b3 70. Nf3 Bc3 71. Nh4 g5 72. Nf5 a5 73. Ne3+ Kd3 74. Nd1 Bd4 0-1

[Event "IBCA Wch blind 14th"]
[Site "Cagliari"]
[Date "2019.04.06"]
[Round "1"]
[White "Vrioni, Bersan"]
[Black "Babarykin, Stanislav"]
[Result "0-1"]
[WhiteElo "1924"]
[BlackElo "2401"]
[PlyCount "50"]
[EventDate "2019.04.06"]
[EventType "swiss"]
[EventRounds "9"]
[EventCountry "ITA"]
[SourceTitle "CBM 189 Extra"]
[Source "ChessBase"]
[SourceDate "2019.06.03"]
[SourceVersion "1"]
[SourceVersionDate "2019.06.03"]
[SourceQuality "1"]

1. e4 e5 2. f4 exf4 3. Nf3 d6 4. d4 g5 5. h4 g4 6. Ng1 f3 7. gxf3 Be7 8. Bg5 Bxg5 9. hxg5 Qxg5 10. Qd2 Qxd2+ 11. Nxd2 Nc6 12. Bb5 Bd7 13. c3 Nf6 14. Rh6 Ke7 15. 0-0-0 Rag8 16. Re1 gxf3 17. Ngxf3 Ng4 18. Rh5 f6 19. e5 dxe5 20. dxe5 Ncxe5 21. Bc4 Re8 22. Nxe5 Nxe5 23. Nf3 Bg4 24. Nxe5 Bxh5 25. Nf7+ Kd7 0-1

[Event "IBCA-ol blind 15th"]
[Site "Ohrid"]
[Date "2017.06.19"]
[Round "1.1"]
[White "Vrioni, Bersan"]
[Black "Palacios Perez, Manuel"]
[Result "1/2-1/2"]
[WhiteElo "1890"]
[BlackElo "2246"]
[PlyCount "82"]
[EventDate "2017.06.19"]
[EventType "team-swiss"]
[EventRounds "9"]
[EventCountry "MKD"]
[SourceTitle "CBM 179 Extra"]
[Source "ChessBase"]
[SourceDate "2017.08.23"]
[SourceVersion "1"]
[SourceVersionDate "2017.08.23"]
[SourceQuality "1"]
[WhiteTeam "Italy"]
[BlackTeam "Spain"]
[WhiteTeamCountry "ITA"]
[BlackTeamCountry "ESP"]

1. e4 e6 2. d4 d5 3. e5 c5 4. c3 Bd7 5. a3 Nc6 6. Nf3 Rc8 7. b4 b6 8. Bd3 Nh6 9. 0-0 cxd4 10. cxd4 Nf5 11. Be3 Be7 12. Nbd2 0-0 13. Nb3 Nxe3 14. fxe3 f6 15. b5 Na5 16. Nxa5 bxa5 17. a4 Rc3 18. Qe2 f5 19. Rfc1 Qc7 20. Rc2 Rxc2 21. Bxc2 Rc8 22. Ra2 g5 23. g3 Qc3 24. Kf2 Qb4 25. Ne1 Rc3 26. Ng2 Be8 27. Bd1 Bg6 28. Rb2 Qc4 29. Qxc4 Rxc4 30. Rc2 f4 31. Rxc4 fxg3+ 32. hxg3 dxc4 33. Ne1 h5 34. Bc2 Kg7 35. Bxg6 Kxg6 36. e4 g4 37. Ng2 Bg5 38. Ke2 c3 39. Kd3 Bd2 40. Kc2 Kg5 41. Kd1 Kg6 1/2-1/2

[Event "IBCA-ol blind 14th"]
[Site "Chennai"]
[Date "2012.08.17"]
[Round "7.1"]
[White "Yuvarlak, Ugur"]
[Black "Vrioni, Bersan"]
[Result "1-0"]
[WhiteElo "1910"]
[BlackElo "1855"]
[PlyCount "141"]
[EventDate "2012.08.10"]
[EventType "team-swiss"]
[EventRounds "9"]
[EventCountry "IND"]
[SourceTitle "CBM 149 Extra"]
[Source "ChessBase"]
[SourceDate "2012.08.24"]
[SourceVersion "1"]
[SourceVersionDate "2012.08.24"]
[SourceQuality "1"]
[WhiteTeam "Turkey"]
[BlackTeam "Italy"]
[WhiteTeamCountry "TUR"]
[BlackTeamCountry "ITA"]

1. e4 d6 2. d4 Nf6 3. Nc3 Nbd7 4. Be3 e5 5. Nf3 Be7 6. h3 a6 7. a4 0-0 8. Be2 h6 9. 0-0 Nh7 10. dxe5 dxe5 11. Qd2 Bd6 12. Rfd1 Nhf6 13. Nh2 Qe7 14. Ng4 Bb4 15. Nd5 Nxd5 16. Qxd5 Bd6 17. Bc4 Nb6 18. Bxb6 Be6 19. Qd3 Bxc4 20. Qxc4 cxb6 21. Ne3 Rac8 22. Qb3 Bc5 23. Nf5 Qf6 24. Qg3 Kh7 25. c3 g6 26. Qh4 Qxh4 27. Nxh4 Rfd8 28. Nf3 f6 29. Kf1 Kg7 30. Ke2 Be7 31. Rxd8 Rxd8 32. Rd1 Rxd1 33. Kxd1 Kf7 34. Ke2 Ke6 35. Nh2 f5 36. f3 Bg5 37. Kd3 Kd6 38. Nf1 Kc5 39. b4+ Kd6 40. exf5 gxf5 41. Ne3 Ke6 42. g4 fxg4 43. fxg4 Bd8 44. Ke4 Bh4 45. Nf5 Bg5 46. c4 Bd2 47. b5 Bf4 48. h4 Bd2 49. Ne3 Be1 50. g5 h5 51. Nf5 Bc3 52. Ng7+ Kf7 53. Nxh5 Be1 54. Kf5 Bxh4 55. g6+ Ke7 56. g7 Kf7 57. Kxe5 Be7 58. Kd5 axb5 59. cxb5 Bc5 60. Ng3 Kxg7 61. Ne4 Bb4 62. Nd6 Kf6 63. Nxb7 Be1 64. Kc6 Ke6 65. Kxb6 Kd7 66. Nc5+ Kc8 67. Kc6 Bg3 68. a5 Kb8 69. a6 Ka8 70. b6 Bh2 71. Ne6 1-0

[Event "IBCA-ol blind 14th"]
[Site "Chennai"]
[Date "2012.08.16"]
[Round "6.1"]
[White "Mlacnik, Franc"]
[Black "Vrioni, Bersan"]
[Result "1/2-1/2"]
[WhiteElo "2124"]
[BlackElo "1855"]
[PlyCount "85"]
[EventDate "2012.08.10"]
[EventType "team-swiss"]
[EventRounds "9"]
[EventCountry "IND"]
[SourceTitle "CBM 149 Extra"]
[Source "ChessBase"]
[SourceDate "2012.08.24"]
[SourceVersion "1"]
[SourceVersionDate "2012.08.24"]
[SourceQuality "1"]
[WhiteTeam "Slovenia"]
[BlackTeam "Italy"]
[WhiteTeamCountry "SLO"]
[BlackTeamCountry "ITA"]

1. d4 Nf6 2. c4 g6 3. Nc3 d6 4. e4 Bg7 5. Nge2 0-0 6. Ng3 Nbd7 7. Be2 c5 8. d5 a6 9. 0-0 Kh8 10. Bg5 h6 11. Be3 Ne5 12. h3 Kh7 13. f4 Ned7 14. e5 dxe5 15. f5 Qc7 16. Qc2 g5 17. Nge4 Kg8 18. g4 b6 19. Rad1 Nxe4 20. Nxe4 Nf6 21. Qd2 Bb7 22. Bf3 Rfd8 23. h4 Nxe4 24. Bxe4 f6 25. b3 Bc8 26. Qh2 Rd6 27. Bc1 Ra7 28. hxg5 fxg5 29. Bb2 Rd8 30. Rf3 Rf8 31. Rdf1 Qd6 32. Re3 Rf7 33. Rfe1 Bd7 34. R1e2 Bf6 35. Bc3 a5 36. a4 Ra8 37. Rh3 Bg7 38. Be1 Re8 39. Bg3 Bc8 40. Re1 Qf6 41. Qe2 Bd7 42. Qb2 Kh7 43. Qh2 1/2-1/2